| 000 | 00371nam a2200145Ia 4500 | ||
|---|---|---|---|
| 008 | 230312s9999||||xx |||||||||||||| ||und|| | ||
| 020 | _a8189411225 | ||
| 082 |
_a621.3192 _bGOD-S |
||
| 100 | _aGodse, A.P. | ||
| 245 | 0 | _aSwitching theory | |
| 260 |
_bTechnical _aPune _c2007 |
||
| 546 | _aEng. | ||
| 650 |
_aEngineering _vNumber system, Boolean algebra, Logic |
||
| 942 | _cBK | ||
| 999 |
_c1535 _d1535 |
||